Itzy MV Outfit (Yeji Ver.) - Statistics

General Stats
  • This quiz has been taken 392 times
  • The average score is 67 of 81
Answer Stats
Question Tile Select % Correct
Yeji Wannabe Outfits No
95%
Yeji Wannabe Outfits No
95%
Yeji Wannabe Outfits No
95%
Yeji Dalla Dalla Outfits No
95%
Yeji Dalla Dalla Outfits No
94%
Yeji Wannabe Outfits No
93%
Yeji Dalla Dalla Outfits No
93%
Yeji Dalla Dalla Outfits No
93%
Yeji Dalla Dalla Outfits No
91%
Yeji Dalla Dalla Outfits No
91%
Yeji Icy Outfits No
91%
Yeji Not Shy Outfits No
91%
Yeji Wannabe Outfits No
90%
Yeji Not Shy Outfits No
90%
Yeji Not Shy Outfits No
90%
Yeji Not Shy Outfits No
90%
Yeji Mafia in the Morning Outfits No
90%
Yeji Mafia in the Morning Outfits No
90%
Yeji Mafia in the Morning Outfits No
90%
Yeji Icy Outfits No
89%
Yeji Icy Outfits No
89%
Yeji Not Shy Outfits No
89%
Yeji Loco Outfits No
89%
Yeji Loco Outfits No
89%
Yeji Loco Outfits No
89%
Yeji Loco Outfits No
89%
Yeji Cake Outfits No
89%
Yeji Cake Outfits No
89%
Yeji Cake Outfits No
89%
Yeji Cake Outfits No
89%
Yeji Cake Outfits No
89%
Yeji Mr. Vampire Outfits No
89%
Yeji Mr. Vampire Outfits No
89%
Yeji Mr. Vampire Outfits No
89%
Yeji Mr. Vampire Outfits No
89%
Yeji Dalla Dalla Outfits Yes
88%
Yeji Icy Outfits No
88%
Yeji Not Shy Outfits Yes
88%
Yeji Not Shy Outfits No
88%
Yeji Mafia in the Morning Outfits No
88%
Yeji Loco Outfits No
88%
Yeji Cheshire Outfits No
88%
Yeji Cake Outfits No
88%
Yeji Mr. Vampire Outfits No
88%
Yeji Icy Outfits No
87%
Yeji Cheshire Outfits No
87%
Yeji Mafia in the Morning Outfits No
86%
Yeji Cheshire Outfits No
86%
Yeji Cake Outfits No
86%
Yeji Mafia in the Morning Outfits Yes
85%
Yeji Icy Outfits No
84%
Yeji Loco Outfits Yes
84%
Yeji Cake Outfits Yes
84%
Yeji Mr. Vampire Outfits No
84%
Yeji Mr. Vampire Outfits No
83%
Yeji Cheshire Outfits No
82%
Yeji Mafia in the Morning Outfits No
81%
Yeji Mr. Vampire Outfits Yes
78%
Yeji Icy Outfits Yes
77%
Yeji Mafia in the Morning Outfits No
77%
Yeji Loco Outfits Yes
77%
Yeji Mr. Vampire Outfits Yes
77%
Yeji Wannabe Outfits No
76%
Yeji Not Shy Outfits Yes
76%
Yeji Cheshire Outfits No
76%
Yeji Wannabe Outfits Yes
74%
Yeji Cheshire Outfits Yes
74%
Yeji Loco Outfits Yes
73%
Yeji Icy Outfits Yes
71%
Yeji Cheshire Outfits Yes
71%
Yeji Wannabe Outfits Yes
70%
Yeji Cake Outfits Yes
70%
Yeji Dalla Dalla Outfits Yes
69%
Yeji Icy Outfits Yes
68%
Yeji Mafia in the Morning Outfits Yes
68%
Yeji Not Shy Outfits Yes
65%
Yeji Dalla Dalla Outfits Yes
62%
Yeji Loco Outfits Yes
60%
Yeji Wannabe Outfits Yes
51%
Yeji Cheshire Outfits Yes
47%
Yeji Cheshire Outfits Yes
43%
No matching quizzes found
Score Distribution
Percent of People with Each Score
Percentile by Number Answered
Your Score History
You have not taken this quiz